1350 1348 1738 1146 1071 1217 1174 1267 1976 1418 1533 1721 1685 1148 1221 1169 1528 1091 1329 1655 1184 1434 1937 1884 1761 1547 1797 1262 1637 1321 1458 1430 1007 1252 1759 1738 1780 1302 1874 1628 1487 1929 1443 1765 1601 1939 1576 1046 1891 1921 1206 1593 1831 1702 1080 1338 1505 1851 1457 1028 1701 1117 1337 1860 1463 1877 1438 1655 1364 1973 1686 1011 1577 1138 1477 1092 1134 1453 1374 1699 1093 1506 1044 1800 1516 1854 1082 1393 1727 1694 1699 1381 1997 1305 1147 1207 1579 1772 1873 BCNSPRNW ULIB Ver.6.0+V

เปลี่ยนเป็นภาษาไทย

Change to English
 แสดงรายละเอียดบรรณานุกรม
  กลับหน้าหลัก

Brief Record : Get Marc (ISO 2709) : E-mail record : QR code < ปิดหน้าต่าง
LEADER : 00000nam 2200000uu 4500
001    13399112901
003     ULIB
008    110916s2552||||th 000 0 tha d
020    9786160600717
090    นว.^bม730ป 2552
100 0  เมเปิ้ลสีขาว
245 00 ปรุงรักให้ครบรส/^cเมเปิ้ลสีขาว
250    พิมพ์ครั้งที่ 2
260    กรุงเทพฯ :^bแจ่มใส,^c2552
300    280 หน้า
945    ^p179^l0^i16297
995    กัณชพร
999    ^aใช้งานได้ทุกระบบ
รายการนี้ยังไม่มีแท็ก
คุณยังไม่ได้ล็อกอิน คุณสามารถมีกิจกรรมร่วมกับเว็บไซต์ได้ แต่ต้องล็อกอินก่อน ::
  ล็อกอิน

รายการสื่อสารสนเทศ

ลำดับที่ ประเภท เลขเรียก/บาร์โค้ด สถานที่ สถานะ
1. นวนิยาย
นวนิยาย
นว. ม730ป 2552  
  Barcode: 16297
ห้องสมุดวิทยาเขตนครสวรรค์
►นวนิยาย:l:Fiction
บนชั้น

รายการใกล้เคียง
    ผู้แต่ง [เมเปิ้ลสีขาว]

BibComment


ยังไม่เคยถูกคอมเมนท์

คอมเมนท์ทรัพยากรรายการนี้
  คอมเมนท์: ปรุงรักให้ครบรส เ..


 Copyright 2026. Bcnsprnw @Library